000 00551nam a22001937a 4500
003 SISC
005 20170530101039.0
008 170530b xxu||||| |||| 00| 0 eng d
020 _a9789814617444
050 _aQA 152.2
_b.L334 2016
100 _aLarson, Ron.
245 _aAlgebra and trigonometry /
_cRon Larson.
260 _aSingapore :
_bCengage Learning,
_c2016.
300 _axii, 846 pages :
_billustrations ;
_c25 cm.
500 _aIncludes appendix and index.
650 _aAlgebra.
650 _aPlane trigonometry.
942 _2lcc
_cBK
999 _c335185
_d335185